Territori i ciutat : imaginant, definint, construint / [elaboració: Lídia Garcia Chicano, Carme Camacho Perea] imaginant, definint, construint / [elaboració:
Publicado:
Barcelona :
Diputació de Barcelona. Àrea de Cooperació. Oficina Tècnica de Cooperació ,
1998
Descripción Física:
20 p. : il. col. ; 18 cm
MARC
| LEADER | 00000nam a2200000Ia 4500 | ||
|---|---|---|---|
| 001 | 17935 | ||
| 008 | 160829s1998 xx 000 0 cat d | ||
| 080 | |a FU-49-5 | ||
| 245 | |a Territori i ciutat : |b imaginant, definint, construint / [elaboració: |b Lídia Garcia Chicano, Carme Camacho Perea] | ||
| 250 | |a Ed. no venal | ||
| 260 | |a Barcelona : |b Diputació de Barcelona. Àrea de Cooperació. Oficina Tècnica de Cooperació, |c 1998 | ||
| 300 | |a 20 p. : |b il. col. ; |c 18 cm | ||
| 590 | |a A la part superior de la portada: OTC | ||
| 650 | 0 | |a Serveis municipals |x Barcelona (Catalunya : Província) |9 30634 | |
| 700 | |a García Chicano, Lídia |9 20999 | ||
| 700 | |a Camacho Perea, Carme |9 35360 | ||
| 710 | |a Barcelona (Catalunya : Província). |b Oficina Tècnica de Cooperació |9 53580 | ||
| 710 | 1 | |a Barcelona (Catalunya : Província). |b Àrea de Cooperació |9 54368 | |
| 901 | |a Arxiu | ||
| 942 | |n 1 | ||
| 952 | |0 0 |1 0 |4 0 |6 FU495 |7 1 |9 48001 |a Arxiu |b Arxiu |d 2016-12-01 |l 0 |o FU-49-5 |p 17935 |r 2016-12-01 00:00:00 |w 2016-12-01 |y ARXIU | ||
| 999 | |c 51802 |d 51802 | ||